| 000 | 00807cam a22002774a 4500 | ||
|---|---|---|---|
| 001 | 13105831 | ||
| 005 | 20180206064959.0 | ||
| 008 | 030227s2004 paua b 001 0 eng | ||
| 010 | _a 2003042825 | ||
| 020 | _a072169652X | ||
| 035 | _a(DNLM)101169266 | ||
| 040 |
_aDNLM/DLC _cDLC _dDLC |
||
| 041 | _aeng | ||
| 042 | _apcc | ||
| 060 | 1 | 0 |
_aWB 100 _bC3888 2004 |
| 080 | _a616 ARE | ||
| 082 | 0 | 0 |
_a616 ARE _221 |
| 100 | _a3 | ||
| 101 | _aSHM | ||
| 245 | 0 | 0 |
_aCecil textbook of medicine / _cedited by Lee Goldman, Dennis Ausiello. |
| 246 | 3 | 0 | _aTextbook of medicine |
| 504 | _aIncludes bibliographical references and index. | ||
| 906 |
_a7 _bcbc _corignew _d1 _eocip _f20 _gy-gencatlg |
||
| 942 |
_2ddc _cBK |
||
| 999 |
_c41916 _d41916 |
||